| 000 | 00732nam a22002057a 4500 | ||
|---|---|---|---|
| 005 | 20240320114419.0 | ||
| 010 | _aENG-139783 | ||
| 020 |
_a9789354420306(Vol 3) _c425.00 |
||
| 035 | _aEN-123315 | ||
| 037 | _bDBAD/PUB | ||
| 082 |
_a954.0841 _21 |
||
| 245 |
_aNetaji Collected Works (Subhas Chandra Bose): _bIn Burmese Prisons Correspondence May 1923-July 1926/ _cEdited By Sisir K. Bose and Sugta Bose |
||
| 250 | _a1 | ||
| 260 |
_aHyderabad _bOrient Blackswan Private Ltd _c2021 |
||
| 270 |
_a3-6-752, Himayatnagar _bHyderabad _e500029 _minfo@orintblackswan.com |
||
| 300 |
_axxi,360p. _c21cm(pbk) |
||
| 700 |
_aBose , Sisir K. _963627 |
||
| 700 |
_aBose, Sugta _963628 |
||
| 942 |
_2ddc _h954.0841 _cEN _mINB _e1 |
||
| 999 |
_c201626 _d201626 |
||